00341pab a2200133 454500008004000000100001400040245004900054260000900103300001300112362001200125650003000137650001400167773002600181180718b2003 xxu||||| |||| 00| 0 eng d aDas, H.N. aEconomic consequences of insurgency in Assam c2003 ap.71-76. aJan-Mar aTerrorism - India - Assam aTerrorism aIndian Police Journal